000 00680cam a22002411 4500
001 sa 68008693
003 DLC
005 20260227112534.0
008 881028s1967 xx 000 0 benr
010 _asa 68008693
035 _a(OCoLC)23574834
040 _aDLC
_cMiU
_dDLC
050 0 0 _aPK1702
_b.M3
100 1 _aMajiruddin, Muhammad.
245 1 0 _aBāmlā sāhitye Musalima mahilā.
260 _a[n.p.]
_c[1967]
300 _a30, 240 p.
_bfacsims.
_c22 cm.
500 _aRomanized.
650 0 _aBengali literature
_xHistory and criticism.
650 0 _aWomen and literature
_zIndia
_zBengal.
650 0 _aWomen and literature
_zBangladesh.
650 0 _aMuslim women
999 _c82502
_d82502